| 000 | 00946nam a22002297i 4500 | ||
|---|---|---|---|
| 005 | 20251120115417.0 | ||
| 008 | 250906s2023 ua ||||gr|||| 00| 0 ara d | ||
| 020 | _a9789777614160 | ||
| 040 |
_aJO-AmGAM _erda |
||
| 082 | 1 | 4 |
_a341.48 _bش ن ك |
| 100 | 1 | _aشنكالي، جاسم محمد حسين | |
| 245 | 1 | 2 |
_aالحماية الدستورية والقضائية لحقوق الإنسان : _bدراسة مقارنة / _cدكتور جاسم محمد حسين شنكالي. |
| 250 | _aالطبعة الأولى. | ||
| 264 |
_aالقاهرة : _bالمركز القومي للإصدارات القانونية ؛ _bدار وليد للنشر والتوزيع والبرمجيات، _c2023. |
||
| 300 | _a432 صفحة. | ||
| 336 |
_2rdacontent _aنص _btxt |
||
| 337 |
_2rdamedia _aدون وسيط عرض _bn |
||
| 338 |
_2rdacarrier _aمجلد _bnc |
||
| 650 | 1 | 7 | _aحقوق الإنسان. |
| 942 |
_2ddc _cBK |
||
| 999 |
_c247223 _d247223 |
||